[Event "Teplice Open"]
[Site "Teplice CZE"]
[Date "2011.06.14"]
[Round "4"]
[White "Smolik,Boris"]
[Black "Hozda,D"]
[Result "1/2-1/2"]
[WhiteElo "1917"]
[BlackElo "2000"]

1.d4 Nf6 2.c4 g6 3.Nc3 Bg7 4.e4 d6 5.Nf3 O-O 6.Be2 e5 7.O-O Nc6 8.d5 Ne7
9.b4 Nd7 10.Re1 f5 11.Ng5 Nf6 12.f3 h6 13.Ne6 Bxe6 14.dxe6 c6 15.Be3 Ne8
16.Qb3 b6 17.Red1 c5 18.bxc5 Nc6 19.e7 Qxe7 20.cxd6 Qe6 21.c5 Qxb3 22.axb3 Nd4
23.Bc4+ Kh7 24.Bd5 Rd8 25.Rxa7 bxc5 26.Ra5 Nxd6 27.Rxc5 fxe4 28.Bxd4 exd4
29.Nxe4 Nf5 30.Rd3 Ne3  1/2-1/2

[Event "Voronezh Master Open"]
[Site "Voronezh RUS"]
[Date "2011.06.14"]
[Round "3.16"]
[White "Gorshkov,Yury"]
[Black "Yevseev,D"]
[Result "0-1"]
[WhiteElo "2302"]
[BlackElo "2527"]

1.d4 Nf6 2.c4 g6 3.Nc3 Bg7 4.e4 d6 5.Be2 O-O 6.Nf3 e5 7.O-O Nc6 8.d5 Ne7
9.b4 Nh5 10.Re1 f5 11.Ng5 Nf4 12.Bxf4 exf4 13.Rc1 fxe4 14.Bg4 Nf5 15.Ncxe4 Nd4
16.Bxc8 Qxc8 17.Nf3 Nxf3+ 18.Qxf3 Qf5 19.c5 Rad8 20.cxd6 cxd6 21.h4 h6 22.Rcd1 a6
23.g4 fxg3 24.Qxf5 Rxf5 25.Nxg3 Rf4 26.Re6 Rg4 27.Kf1 Be5 28.Rd3 Rf8 29.Ke2 Rxb4
30.Rxg6+  0-1

[Event "49th National Challengers ch-IND"]
[Site "Aurangabad IND"]
[Date "2011.06.16"]
[Round "1"]
[White "Suvrajit,S"]
[Black "Kathiravan,M"]
[Result "1-0"]
[WhiteElo "2370"]
[BlackElo "1926"]

1.d4 Nf6 2.Nf3 g6 3.c4 Bg7 4.Nc3 O-O 5.e4 d6 6.Be2 e5 7.O-O Nc6 8.d5 Ne7
9.Ne1 Nd7 10.Be3 f5 11.f3 f4 12.Bf2 g5 13.a4 Nf6 14.c5 Ng6 15.a5 h5 16.cxd6 cxd6
17.Nb5 g4 18.Nxa7 Rxa7 19.Bxa7 g3 20.Bb6 Qe7 21.Rc1 Nh7 22.Rxc8 Rxc8 23.h3 Qh4
24.Bb5 Ngf8 25.Qe2 Bf6 26.Nd3 Bd8 27.Bxd8 Qxd8 28.Qd2 Nf6 29.b4 N6h7 30.Rc1 Nf6
31.Kf1 Ng6 32.Ke2 Kf8 33.Kd1  1-0

[Event "61st ch-RUS HL w"]
[Site "Taganrog RUS"]
[Date "2011.06.16"]
[Round "2"]
[White "Savina,A"]
[Black "Balaian,Ali"]
[Result "1/2-1/2"]
[WhiteElo "2389"]
[BlackElo "2163"]

1.d4 Nf6 2.c4 g6 3.Nc3 Bg7 4.e4 d6 5.Nf3 O-O 6.Be2 e5 7.O-O Nc6 8.d5 Ne7
9.Ne1 Nd7 10.f3 f5 11.g4 Nf6 12.Nd3 c6 13.Be3 Kh8 14.Kh1 b6 15.a4 Bb7 16.g5 Nh5
17.a5 cxd5 18.cxd5 bxa5 19.Qa4 Nc8 20.Qxa5 Nb6 21.Qb4 Qc8 22.Bxb6 axb6 23.Rxa8 Bxa8
24.Qxd6 fxe4 25.Nxe4 Rd8 26.Rc1 Qxc1+ 27.Nxc1 Rxd6 28.Nxd6 Nf4 29.Bc4 Bxd5
30.Bxd5 Nxd5 31.Nd3 Kg8 32.Nc4 Kf7 33.Ncxe5+ Ke6 34.Nc6 Ne3 35.b3 Kd5 36.Ne7+ Kd6
37.Nc8+ Kc7 38.Na7 Nc2 39.Nb5+ Kc6 40.Na7+ Kb7 41.Nb5  1/2-1/2

[Event "49th National Challengers ch-IND"]
[Site "Aurangabad IND"]
[Date "2011.06.17"]
[Round "3"]
[White "Ramakrishna,J"]
[Black "Tiwari,Ar"]
[Result "1-0"]
[WhiteElo "2260"]
[BlackElo "2354"]

1.d4 Nf6 2.c4 g6 3.Nc3 Bg7 4.e4 d6 5.Nf3 O-O 6.Be2 e5 7.O-O Nc6 8.d5 Ne7
9.Nd2 Nd7 10.b4 f5 11.c5 Nf6 12.f3 h5 13.Nc4 f4 14.Qb3 Rf7 15.b5 Ne8 16.b6 dxc5
17.bxc7 Qxc7 18.d6 Nxd6 19.Nxd6 Qxd6 20.Bc4 Qf6 21.Ba3 Nc6 22.Bxc5 Na5 23.Bxf7+ Qxf7
24.Qxf7+ Kxf7 25.Nd5 b6 26.Bb4 Nc6 27.Rfc1 Bd7 28.Ba3 g5 29.Rc3 g4 30.Rd1 Rd8
31.Kf2 Nd4 32.Rd2 Bh6 33.Be7 Re8 34.Bh4 Rc8 35.Rxc8 Bxc8 36.Be7 Bb7 37.Bb4 Bf8
38.Bxf8 Bxd5 39.Bd6 Ke6 40.Bb8 Bc4 41.Bxa7 b5 42.a3 Nb3 43.Rd1 Kf6 44.Bb6 Ke6
45.g3 fxg3+ 46.hxg3 gxf3 47.Kxf3 Kf6 48.Be3 Be6 49.Rd6 Na5 50.Bc5 Nc4 51.Rd8 Kf7
52.Bb4 Kf6 53.Rf8+ Kg6 54.Rb8 Bd7 55.Rb7 Be8 56.Re7 Bf7 57.Rc7 Be6 58.Rb7 Bg4+
59.Kf2 Nb2 60.Rb6+ Kf7 61.Rxb5 Kf6 62.Rb6+ Kf7 63.Rb7+ Ke6 64.Bd2 Nc4 65.Bc1 Bd1
66.Rb4 Nd6 67.Be3 Bc2 68.a4 Nxe4+ 69.Kf3 Kf5 70.a5 Bd3 71.Rb6 Nc3 72.a6 e4+
73.Kf2 Nd5 74.Rc6  1-0

[Event "49th National Challengers ch-IND"]
[Site "Aurangabad IND"]
[Date "2011.06.17"]
[Round "3"]
[White "Rajesh,VA"]
[Black "Ramnath,B"]
[Result "1/2-1/2"]
[WhiteElo "2291"]
[BlackElo "2425"]

1.d4 Nf6 2.c4 g6 3.Nc3 Bg7 4.Nf3 O-O 5.e4 d6 6.Be2 e5 7.O-O Nc6 8.d5 Ne7
9.b4 Nh5 10.Re1 f5 11.Ng5 Nf6 12.Bf3 c6 13.Ba3 h6 14.Ne6 Bxe6 15.dxe6 fxe4
16.Nxe4 Nxe4 17.Bxe4 d5 18.cxd5 cxd5 19.b5 dxe4 20.Qxd8 Rfxd8 21.Bxe7 Re8
22.Bc5 Rxe6 23.Rxe4 a6 24.bxa6 Rexa6 25.a3 Bf8 26.Bxf8 Kxf8 27.Rxe5 Rxa3
28.Rf1 R3a5  1/2-1/2

[Event "1st Forni Open"]
[Site "Forni di Sopra ITA"]
[Date "2011.06.17"]
[Round "8"]
[White "Stella,A"]
[Black "Gaponenko,I"]
[Result "1-0"]
[WhiteElo "2398"]
[BlackElo "2455"]

1.d4 Nf6 2.c4 g6 3.Nc3 Bg7 4.e4 O-O 5.Be2 d6 6.Nf3 e5 7.O-O Nc6 8.d5 Ne7
9.Nd2 Nd7 10.b4 f5 11.c5 Nf6 12.f3 f4 13.Nc4 g5 14.a4 Ng6 15.Ba3 Rf7 16.b5 dxc5
17.Bxc5 h5 18.a5 g4 19.Kh1 g3 20.b6 Bf8 21.d6 axb6 22.axb6 Rxa1 23.Qxa1 cxd6
24.Rd1 Rd7 25.Bg1 Nh4 26.h3 Ne8 27.Nb5 Nxg2 28.Kxg2 Rg7 29.Nbxd6 Nxd6 30.Nxd6 Bxd6
31.Qxe5 Qd7 32.Bc4+ Kh8 33.Qxh5+ Rh7 34.Bd4+  1-0

[Event "Voronezh Master Open"]
[Site "Voronezh RUS"]
[Date "2011.06.18"]
[Round "6.15"]
[White "Shchukin,D"]
[Black "Yandarbiev,R"]
[Result "1-0"]
[WhiteElo "2344"]
[BlackElo "2398"]

1.d4 Nf6 2.c4 g6 3.Nc3 Bg7 4.e4 d6 5.Nf3 O-O 6.Be2 e5 7.O-O Nc6 8.d5 Ne7
9.Ne1 Ne8 10.Nd3 f5 11.exf5 gxf5 12.f4 Ng6 13.Be3 Nf6 14.fxe5 dxe5 15.Qb3 Kh8
16.Rae1 Rg8 17.Bd1 b6 18.Bg5 h6 19.Bh5 Kh7 20.Bxg6+ Kxg6 21.Nxe5+ Kh7 22.Qc2 Rf8
23.Rxf5 Bxf5 24.Qxf5+ Kg8 25.Nc6 Qd7 26.Ne7+ Kh8 27.Ng6+ Kg8 28.Qxd7 Nxd7
29.Nxf8 Rxf8 30.Bd2 Ne5 31.Bxh6 Nxc4 32.Bxg7 Kxg7 33.Re7+ Kf6 34.Rxc7 Nxb2
35.Rxa7 Ke5 36.Rc7 Nd3 37.Rc6 Rf2 38.Rxb6 Rc2 39.Re6+ Kd4 40.Ne2+ Kxd5 41.Re3 Kc4
42.Re4+ Kc5 43.a4 Rd2 44.h4 Rd1+ 45.Kh2 Nf2 46.Rf4 Nd3 47.Rd4 Rd2 48.a5  1-0

[Event "Voronezh Master Open"]
[Site "Voronezh RUS"]
[Date "2011.06.18"]
[Round "6.35"]
[White "Shefer,A"]
[Black "Potapova,M"]
[Result "1-0"]
[WhiteElo "2178"]
[BlackElo "1852"]

1.d4 Nf6 2.c4 g6 3.Nc3 Bg7 4.e4 d6 5.Nf3 O-O 6.Be2 e5 7.O-O Nc6 8.d5 Ne7
9.Ne1 Nd7 10.Nd3 f5 11.Bd2 Nf6 12.f3 f4 13.c5 g5 14.cxd6 cxd6 15.Nf2 Ng6
16.Qc2 Rf7 17.Rfc1 Ne8 18.a4 h5 19.h3 Bf8 20.a5 Rg7 21.Nb5 Bd7 22.a6 b6 23.Ra3 Nh4
24.Rc3 Nf6 25.Be1 g4 26.hxg4 hxg4 27.fxg4 Nxg4 28.Nxg4 Bxg4 29.Bxh4 Qxh4
30.Bf3 Be7 31.Qf2 Qh5 32.Bxg4 Qxg4 33.Qf3 Qh4 34.Qh3 f3 35.Rc8+ Rxc8 36.Rxc8+ Kh7
37.Qxh4+ Bxh4 38.Rc7 Be7 39.g3 Rxg3+ 40.Kf2 Rg7 41.Kxf3 Kg6 42.Nxa7 Rf7+
43.Ke2 Rf4 44.Nc6 Rxe4+ 45.Kd3  1-0

[Event "4th Karen Asrian Memorial"]
[Site "Jermuk ARM"]
[Date "2011.06.19"]
[Round "4"]
[White "Chibukhchian,A"]
[Black "Matinian,N"]
[Result "1/2-1/2"]
[WhiteElo "2500"]
[BlackElo "2383"]

1.d4 Nf6 2.c4 g6 3.Nc3 Bg7 4.Nf3 O-O 5.e4 d6 6.Be2 e5 7.O-O Nc6 8.d5 Ne7
9.b4 Nh5 10.Re1 f5 11.Ng5 Nf6 12.f3 c6 13.Be3 Bh6 14.h4 cxd5 15.cxd5 Bd7
16.Rc1 a6 17.Bd3 f4 18.Bf2 Bxg5 19.hxg5 Nh5 20.Re2 Nc8 21.Qe1 Qxg5 22.Rec2 Rf7
23.Nb1 Na7 24.Nd2 Nb5 25.a4 Nd4 26.Bxd4 exd4 27.e5 Qxe5 28.Qxe5 dxe5 29.d6 Ng3
30.Rc7 b5 31.Ne4 Rd8 32.axb5 Bxb5 33.Nc5 Rf6 34.Bxb5 axb5 35.Ra1 Rfxd6 36.Raa7 Nf5
37.Nb7 d3 38.Nxd6 d2 39.Nxf5 d1=Q+ 40.Kh2 gxf5  1/2-1/2

[Event "Baltija Cup Open A"]
[Site "Palanga LTU"]
[Date "2011.06.21"]
[Round "4.18"]
[White "Petrovskis,Olegs"]
[Black "Stremavicius,T"]
[Result "0-1"]
[WhiteElo "1862"]
[BlackElo "2002"]

1.d4 Nf6 2.c4 g6 3.Nc3 Bg7 4.e4 d6 5.Nf3 O-O 6.Be2 e5 7.O-O Nc6 8.d5 Ne7
9.Rb1 a5 10.a3 Nd7 11.b4 f5 12.Ng5 Nf6 13.f4 h6 14.fxe5 dxe5 15.Nf3 Nxe4
16.Nxe4 fxe4 17.Nd2 Bf5 18.g4 e3 19.gxf5 exd2 20.Bxd2 axb4 21.Bxb4 Rxf5 22.Bg4 Rxf1+
23.Qxf1 Nf5 24.Kh1 Qg5 25.Qe2 Nd4 26.Be6+ Nxe6 27.dxe6 Qf5 28.Rg1 Qxe6 29.Qe4 Kh7
30.Qxb7 Rd8 31.Qxc7 Rd7 32.Qc5 Rd4 33.Rc1 Qf5 34.Qc6 Re4 35.Rg1 Qf3+ 36.Rg2 Re1+  0-1

[Event "Mukachevo Summer"]
[Site "Mukachevo UKR"]
[Date "2011.06.23"]
[Round "5"]
[White "Budnikov,O"]
[Black "Tregubov,V"]
[Result "0-1"]
[WhiteElo "2435"]
[BlackElo "2293"]

1.d4 Nf6 2.c4 g6 3.Nc3 Bg7 4.e4 d6 5.Be2 O-O 6.Nf3 e5 7.O-O Nc6 8.d5 Ne7
9.Ne1 Nd7 10.Be3 f5 11.f3 f4 12.Bf2 g5 13.Rc1 Rf6 14.c5 dxc5 15.b4 cxb4 16.Nb5 c6
17.Nxa7 cxd5 18.Nxc8 Rxc8 19.exd5 Rxc1 20.Qxc1 Nb6 21.Bxb6 Qxb6+ 22.Kh1 Nf5
23.Qc8+ Bf8 24.g4 fxg3 25.h3 g4 26.d6 gxh3 27.d7 g2+ 28.Nxg2 Rg6 29.Kh2 Rh6  0-1

[Event "61st ch-RUS HL w"]
[Site "Taganrog RUS"]
[Date "2011.06.23"]
[Round "7"]
[White "Severina,M"]
[Black "Petrova,O"]
[Result "1-0"]
[WhiteElo "2104"]
[BlackElo "2256"]

1.d4 Nf6 2.c4 g6 3.Nc3 Bg7 4.e4 d6 5.Nf3 O-O 6.Be2 e5 7.O-O Nc6 8.d5 Ne7
9.b4 Nh5 10.Re1 f5 11.Ng5 Nf4 12.Bxf4 exf4 13.Rc1 Bh6 14.Nf3 fxe4 15.Nxe4 Nf5
16.c5 a5 17.a3 axb4 18.axb4 Ra3 19.Nc3 Bd7 20.c6 bxc6 21.Nb1 Ra1 22.dxc6 Be6
23.Nc3 Bg7 24.b5 g5 25.Bd3 Bc8 26.b6 cxb6 27.Nd5 Ra7 28.c7 Qd7 29.Nxb6  1-0

[Event "4th Sveins Minneturering"]
[Site "Oslo NOR"]
[Date "2011.06.24"]
[Round "5"]
[White "Hammer,J"]
[Black "Berg,E"]
[Result "1-0"]
[WhiteElo "2609"]
[BlackElo "2608"]

1.d4 Nf6 2.Nf3 g6 3.c4 Bg7 4.Nc3 O-O 5.e4 d6 6.Be2 e5 7.O-O Nc6 8.d5 Ne7
9.Ne1 Nd7 10.Nd3 f5 11.Bd2 fxe4 12.Nxe4 Nf5 13.f3 Nf6 14.Ndf2 Nd4 15.Nxf6+ Bxf6
16.Ne4 Bf5 17.Bd3 Bxe4 18.Bxe4 Bg5 19.Bc3 Nf5 20.Qe2 Be3+ 21.Kh1 Ng3+ 22.hxg3 Qg5
23.Rf2 Bb6 24.Kh2 Qh5+ 25.Kg1 Rf6 26.Bd2 g5 27.Be3 Rh6 28.Rff1 Qh2+ 29.Kf2 Rh3
30.Bxb6 Rxg3 31.Rg1 axb6 32.Ke3 Rxa2 33.Rh1 Rxg2 34.Rxh2 Rxe2+ 35.Kxe2 Rxb2+
36.Kf1 Rxh2 37.Ra7 Rh1+ 38.Kf2 Rc1 39.Bd3 h5 40.Rxb7 e4 41.fxe4 h4 42.e5 h3
43.exd6 cxd6 44.Rh7 g4 45.Rh4 Kf7 46.Be2 Kf6 47.Kg3 Rg1+ 48.Kf4 g3 49.Rh6+ Ke7
50.Rxh3 Re1 51.Bf3 Rc1 52.Kxg3 Rxc4 53.Rh7+ Kf6 54.Rh6+ Ke7 55.Re6+ Kd7 56.Re4 Rc3
57.Rb4 Kc7 58.Kf4 Rc5 59.Ke4 b5 60.Be2 Kb6 61.Rb2 Ka5 62.Kd4 Kb6 63.Bd3 Ka5
64.Ra2+ Kb6 65.Rc2 Rxc2 66.Bxc2 Ka6 67.Kc3 Ka5 68.Kb3  1-0

[Event "4th Sveins Memorial"]
[Site "Oslo NOR"]
[Date "2011.06.24"]
[Round "7"]
[White "Ostmoe,G"]
[Black "Berg,E"]
[Result "1-0"]
[WhiteElo "2434"]
[BlackElo "2608"]

1.d4 Nf6 2.c4 g6 3.Nc3 Bg7 4.e4 d6 5.Nf3 O-O 6.Be2 e5 7.O-O Nc6 8.d5 Ne7
9.Ne1 Nd7 10.Be3 f5 11.f3 f4 12.Bf2 g5 13.Rc1 Ng6 14.c5 Nxc5 15.b4 Na6 16.Nd3 Rf7
17.Nb5 Bd7 18.a4 h5 19.Nxa7 Bf8 20.Nc6 bxc6 21.dxc6 Be6 22.b5 Nc5 23.Nxc5 dxc5
24.Qxd8 Rxd8 25.a5 g4 26.b6 cxb6 27.axb6 g3 28.Bxc5 Rd2 29.b7 Rxe2 30.b8=Q Nh4
31.Bf2 Rg7 32.c7 Nxf3+ 33.Kh1 Rxf2 34.Rxf2 gxf2 35.c8=Q Bxc8 36.Qb3+ Kh7
37.Qxf3 Bg4 38.Qxf2 Ba3 39.Ra1 Bb4 40.Qb6 Bd2 41.h3 Be3 42.Qf6 Bd4 43.Ra6 Be2
44.Qf5+ Kh8 45.Rh6+ Kg8 46.Qe6+ Rf7 47.Qe8+  1-0

[Event "XIX Open A"]
[Site "Montcada i Reixac ESP"]
[Date "2011.06.25"]
[Round "1"]
[White "Hernandez Carmenates,Hold"]
[Black "Sanchez Jerez,E"]
[Result "1-0"]
[WhiteElo "2558"]
[BlackElo "2286"]

1.d4 Nf6 2.c4 g6 3.Nc3 Bg7 4.e4 d6 5.Nf3 O-O 6.Be2 e5 7.O-O Nc6 8.d5 Ne7
9.Ne1 Nd7 10.f3 f5 11.g4 Kh8 12.Be3 Ng8 13.Nd3 Bh6 14.Qd2 Bxe3+ 15.Qxe3 b6
16.f4 Qe7 17.exf5 gxf5 18.Nb5 Nc5 19.fxe5 Nxd3 20.Bxd3 f4 21.Rxf4 Rxf4 22.Qxf4 dxe5
23.Qf3 Qg7 24.h3 h5 25.d6 c6 26.Nc7 hxg4 27.Qg3 Rb8 28.Ne8 Qg5 29.Re1 Bd7
30.Rxe5 Qc1+ 31.Re1 Qg5 32.Re5 Qc1+ 33.Re1 Qg5 34.Nc7 Rf8 35.Qe5+ Qxe5 36.Rxe5 gxh3
37.Rh5+ Kg7 38.Rh7+ Kf6 39.Rxd7 Ke5 40.b4 Nf6 41.Rg7 Kxd6 42.c5+ bxc5 43.bxc5+ Ke5
44.Re7+  1-0

[Event "ch-Commonwealth RSA-Open"]
[Site "Ekurhuleni RSA"]
[Date "2011.06.28"]
[Round "6"]
[White "Barileng,G"]
[Black "Bhawoodien,Mohamed Ozayr"]
[Result "1-0"]
[WhiteElo "2128"]
[BlackElo "1859"]

1.Nf3 Nf6 2.c4 g6 3.Nc3 Bg7 4.d4 d6 5.e4 O-O 6.Be2 e5 7.O-O Nc6 8.d5 Ne7
9.b4 Nh5 10.Re1 a5 11.bxa5 Rxa5 12.a4 f5 13.Nd2 Nf6 14.Nb3 Ra8 15.f3 c5 16.dxc6 Qb6+
17.Kh1 Nxc6 18.Bd3 fxe4 19.Nxe4 Nxe4 20.Bxe4 Nd4 21.Nxd4 exd4 22.Bd5+ Kh8
23.Bd2 Bf5 24.a5 Qb2 25.Qc1 Qxc1 26.Raxc1 Ra7 27.Re7 Rb8 28.g4 Bd3 29.Rce1 Bf8
30.Rc7 Bc2  1-0

[Event "TCh-TUR 2011"]
[Site "Konya TUR"]
[Date "2011.06.28"]
[Round "1"]
[White "Ataman,A"]
[Black "Erdogdu,M"]
[Result "0-1"]
[WhiteElo "2188"]
[BlackElo "2434"]

1.d4 Nf6 2.c4 g6 3.Nc3 Bg7 4.e4 d6 5.Nf3 O-O 6.Be2 e5 7.O-O Nc6 8.d5 Ne7
9.b4 a5 10.Ba3 axb4 11.Bxb4 b6 12.a4 Re8 13.Qd3 Nf5 14.Nb5 Nd4 15.a5 bxa5
16.Rxa5 Rxa5 17.Bxa5 Nxb5 18.cxb5 Nd7 19.Nd2 Nc5 20.Qc2 f5 21.Bf3 fxe4 22.Nxe4 Bf5
23.Bb4 Nxe4 24.Bxe4 Bxe4 25.Qxe4 Qd7 26.b6 cxb6 27.Rc1 Ra8 28.h3 Bf8 29.Rc6 Ra1+
30.Kh2 Rd1 31.Rxb6 Qa7 32.Rc6 Qxf2 33.Bxd6 Qg1+ 34.Kg3 Re1 35.Bc5 Bxc5 36.Rc8+ Bf8
37.Rxf8+ Kxf8 38.Qb4+ Kf7 39.Qb7+ Kf6 40.Qc6+ Kg5  0-1

[Event "Kheireddine Ameyar Memorial"]
[Site "Tipaza ALG"]
[Date "2011.06.28"]
[Round "5"]
[White "Savchenko,S"]
[Black "Mezioud,A"]
[Result "1-0"]
[WhiteElo "2508"]
[BlackElo "2059"]

1.d4 Nf6 2.c4 g6 3.Nc3 Bg7 4.e4 d6 5.Nf3 O-O 6.Be2 Nc6 7.O-O e5 8.d5 Nb8
9.Ne1 Nbd7 10.Nd3 Re8 11.Be3 h5 12.c5 dxc5 13.Nxc5 Nxc5 14.Bxc5 Ng4 15.f3 Nh6
16.Bb5 Bd7 17.Bxd7 Qxd7 18.Qb3 b6 19.Be3 Kh7 20.Rac1 a6 21.Rfd1 Bf8 22.d6 c6
23.Na4 Rab8 24.Nxb6 Qb7 25.Qc4  1-0

[Event "TCh-TUR 2011"]
[Site "Konya TUR"]
[Date "2011.06.29"]
[Round "2"]
[White "Koksal,E"]
[Black "Sanal,V"]
[Result "1-0"]
[WhiteElo "2004"]
[BlackElo "2210"]

1.d4 Nf6 2.c4 g6 3.Nc3 Bg7 4.e4 d6 5.Nf3 O-O 6.Be2 e5 7.O-O Nc6 8.d5 Ne7
9.Ne1 Nd7 10.Nd3 f5 11.Bd2 Nf6 12.f3 f4 13.c5 g5 14.cxd6 cxd6 15.Nf2 Rf7
16.Qc2 Ng6 17.Rfc1 a6 18.a4 h5 19.h3 b6 20.Ra3 Bf8 21.Na2 Rg7 22.Rc3 Bd7
23.Nb4 Nh4 24.Be1 a5 25.Nc6 Qe8 26.Rb3 Qg6 27.Qd1 Qh6 28.Rcc3 Re8 29.Rxb6 g4
30.fxg4 hxg4 31.hxg4 f3 32.Bxf3 Nxf3+ 33.Rxf3 Nxg4 34.Nxg4 Bxg4 35.Rbb3 Bxf3
36.Rxf3 Rg6 37.Bd2 Qh4 38.Qe1 Qg4 39.Qe2 Be7 40.Nxa5 Bh4 41.Kf1 Bg3 42.Rf5 Qh4
43.Qh5 Qxh5 44.Rxh5 Rf8+ 45.Ke2 Rf2+ 46.Kd3 Rxg2 47.Nc6 Rg7 48.a5 Bf2 49.Rh3 Rg1
50.Be3 Bxe3 51.Rxe3 Ra1 52.Kc4 Rb7 53.b4 Kf8 54.b5 Ra4+ 55.Kb3 Ra1 56.b6 Rh7
57.Kb4 Rb1+ 58.Rb3 Rb7 59.Kc4  1-0

[Event "Ladislava Kotana Mem"]
[Site "Kosice SVK"]
[Date "2011.06.29"]
[Round "6"]
[White "Krak,T"]
[Black "Mazur,Ste"]
[Result "0-1"]
[WhiteElo "2270"]
[BlackElo "2372"]

1.Nf3 Nf6 2.c4 g6 3.Nc3 Bg7 4.e4 d6 5.d4 O-O 6.Be2 e5 7.O-O Nc6 8.d5 Ne7
9.b4 a5 10.Ba3 b6 11.bxa5 Nh5 12.Nb5 Bd7 13.Re1 f5 14.Nd2 Nf6 15.Bd3 Kh8
16.Qb3 Rxa5 17.Bb4 Ra8 18.a4 fxe4 19.Nxe4 Bxb5 20.axb5 Rxa1 21.Rxa1 Nf5 22.Re1 Nd4
23.Qd1 Nxe4 24.Bxe4 Qf6 25.f3 Ra8 26.Bc3 Bh6 27.g3 Ra3 28.Bxd4 exd4 29.Bd3 Be3+
30.Kg2 Qf8 31.f4 Qa8 32.f5 Ra2+ 33.Re2 Ra1 34.Bb1 gxf5 35.Rxe3 dxe3 36.Qd4+ Kg8
37.Bxf5 Ra2+ 38.Kh3 h5 39.Be6+ Kh7 40.Bf5+ Kg8 41.Qxe3 Qf8 42.Qg5+ Qg7 43.Be6+ Kh8
44.Qd8+ Kh7 45.Bf5+ Kh6 46.Qe8 Qf6 47.Bd3 Ra3 48.Qe4 Kg7 49.Qh7+ Kf8 50.Bf5 Rc3
51.Bd3 h4 52.Qe4 hxg3 53.hxg3 Ra3 54.Qh7 Qg7 55.Qf5+ Ke7 56.Qe4+ Kd8 57.Qh4+ Kc8
58.Bf5+ Kb7 59.Bg4 Ra8 60.Bh5 Rh8 61.Qg4 Qa1 62.Kh4 Qf6+ 63.Qg5 Qf1 64.Qg4 Rf8
65.Bg6 Qh1+ 66.Kg5 Qc1+ 67.Kh4 Rf2 68.Qe4 Qh6+ 69.Kg4 Rf8 70.Qe6 Qg7 71.Kg5 Rh8
72.Qf5 Qh6+  0-1

[Event "XIX Open A"]
[Site "Montcada i Reixac ESP"]
[Date "2011.06.29"]
[Round "5"]
[White "Hernandez Carmenates,Hold"]
[Black "Gonzalez Perez,A"]
[Result "0-1"]
[WhiteElo "2558"]
[BlackElo "2476"]

1.d4 Nf6 2.c4 g6 3.Nc3 Bg7 4.e4 d6 5.Be2 O-O 6.Nf3 e5 7.O-O Nc6 8.d5 Ne7
9.Ne1 Nd7 10.Nd3 f5 11.Bd2 Kh8 12.Rc1 c5 13.f4 exf4 14.Bxf4 Bd4+ 15.Kh1 Bxc3
16.Rxc3 fxe4 17.Ne1 Nf5 18.g4 Nd4 19.Nc2 Nxc2 20.Rxc2 Ne5 21.Rc1 Nf3 22.Bh6 Qh4
23.Bxf3 Rxf3 24.Bf4 Bxg4 25.Bxd6 Rf2 26.Qxg4 Rxf1+  0-1

[Event "TCh-TUR 2011"]
[Site "Konya TUR"]
[Date "2011.06.30"]
[Round "3"]
[White "Abdimanoglu,B"]
[Black "Ulusoy,Nisan"]
[Result "0-1"]
[WhiteElo "1751"]
[BlackElo "1585"]

1.c4 Nf6 2.d4 g6 3.Nc3 Bg7 4.e4 d6 5.Nf3 O-O 6.Be2 e5 7.O-O Nc6 8.d5 Ne7
9.b4 Ne8 10.a4 f5 11.Ng5 Nf6 12.Ne6 Bxe6 13.dxe6 Nxe4 14.Nxe4 fxe4 15.Qc2 c6
16.Qxe4 d5 17.Qh4 Qd6 18.Qg4 Nf5 19.e7 Qxe7 20.cxd5 cxd5 21.Bg5 Bf6 22.Bxf6 Rxf6
23.Rad1 Nd4 24.Bb5 a6 25.Qd7 Qxd7 26.Bxd7 Raf8 27.Rd2 Rd6 28.Bh3 Rf4 29.Rb1 g5
30.Bc8 Rf7 31.Re1 Rc7 32.Bg4 Rdc6 33.Rxe5 Rc1+ 34.Rd1 Rxd1+ 35.Bxd1 Rc1 36.Re1 Nc2
37.Rf1 Nxb4 38.Bb3 Rc3 39.Bd1 d4 40.Bf3 b6 41.Rd1 d3 42.h4 gxh4 43.Be4 h6
44.Ra1 d2 45.Rd1 Rc1 46.Bf3 Nd3 47.Kh2 Rxd1 48.Bxd1 Nxf2  0-1

[Event "TCh-TUR 2011"]
[Site "Konya TUR"]
[Date "2011.07.01"]
[Round "4"]
[White "Gurevich,M"]
[Black "Spasov,V"]
[Result "1/2-1/2"]
[WhiteElo "2617"]
[BlackElo "2594"]

1.d4 Nf6 2.c4 g6 3.Nc3 Bg7 4.e4 d6 5.Nf3 O-O 6.Be2 e5 7.O-O Nc6 8.d5 Ne7
9.Nd2 a5 10.a3 Bd7 11.b3 Nc8 12.Rb1 Nb6 13.b4 axb4 14.axb4 Na4 15.Qc2 Nxc3
16.Qxc3 Nh5 17.Bxh5 gxh5 18.Bb2 f5 19.f4 fxe4 20.Nxe4 Qh4 21.g3 Qg4 22.Rbe1 Rae8
23.Nf2 Qg6  1/2-1/2

[Event "TCh-TUR 2011"]
[Site "Konya TUR"]
[Date "2011.07.02"]
[Round "5"]
[White "Citak,S"]
[Black "Bayram,Y"]
[Result "1/2-1/2"]
[WhiteElo "2356"]
[BlackElo "2268"]

1.d4 Nf6 2.c4 g6 3.Nc3 Bg7 4.e4 O-O 5.Nf3 d6 6.Be2 e5 7.O-O Nc6 8.d5 Ne7
9.Nd2 a5 10.a3 Bd7 11.Ra2 a4 12.b4 axb3 13.Nxb3 b6 14.a4 Ne8 15.a5 bxa5 16.Rxa5 Rxa5
17.Nxa5 c6 18.dxc6 Bxc6 19.Nxc6 Nxc6 20.Nb5 Nd4 21.Be3 Qb6 22.Qd2 Nc7 23.Rd1 Nce6
24.Bg4 f5 25.exf5 gxf5 26.Bf3 Nxf3+ 27.gxf3 Nd4 28.Nxd4 exd4 29.Bxd4 Bxd4
30.Qxd4 Qxd4 31.Rxd4 Rf6 32.Kf1 Kf7 33.Rd5 Rh6 34.Rxf5+ Ke6 35.Rf4 Rxh2 36.Kg1 Rh6
37.Kg2 Rg6+ 38.Rg4 Rh6 39.Kg3 Rh1 40.Kf4 Rc1 41.Kg5 Rc2 42.Re4+ Kf7 43.Rh4 Kg7
44.Rd4 Kf7 45.f4 Ke7 46.f5 Rxf2 47.Rh4 Rg2+ 48.Kf4 Rc2 49.Rxh7+ Kf6 50.Rh6+ Kf7
51.Rxd6 Rxc4+ 52.Kg5 Rc7 53.Rh6 Kg7 54.f6+ Kg8 55.Kg6 Rg7+ 56.Kf5 Ra7 57.Rh4 Ra1
58.Re4 Kf7 59.Re7+ Kf8 60.Re5 Kf7 61.Re7+ Kf8 62.Rb7 Rf1+  1/2-1/2

[Event "TCh-TUR 2011"]
[Site "Konya TUR"]
[Date "2011.07.02"]
[Round "6"]
[White "Mchedlishvili,M"]
[Black "Spasov,V"]
[Result "1-0"]
[WhiteElo "2629"]
[BlackElo "2594"]

1.d4 Nf6 2.c4 g6 3.Nc3 Bg7 4.e4 d6 5.Nf3 O-O 6.Be2 e5 7.O-O Nc6 8.d5 Ne7
9.Ne1 Nd7 10.Be3 f5 11.f3 Kh8 12.Rc1 Ng8 13.Qd2 fxe4 14.fxe4 Rxf1+ 15.Kxf1 Ndf6
16.Nd3 Ng4 17.Bg5 Bf6 18.Bxf6+ N4xf6 19.Kg1 Bd7 20.c5 Kg7 21.b4 a6 22.Nf2 Nh6
23.a4 Qe7 24.a5 dxc5 25.Ncd1 c4 26.Bxc4 Nf7 27.Ne3 Rc8 28.Qb2 Nd6 29.Bd3 h5
30.Rc5 Be8 31.Qc1 Bf7 32.Nf1 Be8 33.Nd2 Nf7 34.Nf3 Qd6 35.Qb2 Bd7 36.Nd2 Qe7
37.Qc3 Be8 38.Qb2 Nd6 39.Nf3 Nf7 40.d6 Qxd6 41.Nxe5 Nxe5 42.Rxe5 Rd8 43.Rc5 Qf4
44.g3 Qe3 45.Rxc7+ Rd7 46.Qc3 Rxc7 47.Qxc7+ Bd7 48.Kg2 Qd4 49.Qxb7 h4 50.gxh4 Nh5
51.Qc7 Kh6 52.Qc5 Nf4+ 53.Kf3  1-0

[Event "10th La Fere Open"]
[Site "La Fere FRA"]
[Date "2011.07.02"]
[Round "1.5"]
[White "Houriez,C"]
[Black "Heymann Lobzhanidze,A"]
[Result "1-0"]
[WhiteElo "2328"]
[BlackElo "2025"]

1.d4 Nf6 2.c4 d6 3.Nc3 g6 4.e4 Bg7 5.Nf3 O-O 6.Be2 e5 7.O-O Nc6 8.d5 Ne7
9.Nd2 Ne8 10.b4 f5 11.c5 f4 12.Bg4 g5 13.Ba3 Rf6 14.Rc1 Rh6 15.b5 Ng6 16.cxd6 cxd6
17.Bxc8 Rxc8 18.Qg4 Nf8 19.Qe2 Rc7 20.f3 Bf6 21.b6 axb6 22.Nb5 Rg7 23.Qc4 Qd7
24.Rc2 g4 25.fxg4 Qxg4 26.Nf3 Qd7 27.Na7 Ng6 28.Qb5 Qxb5 29.Nxb5 Rd7 30.Rc8 Kf7
31.Rfc1 Bd8 32.Rb8 Nh4 33.Ne1 Rg6 34.Kf2 Rg8 35.Rcc8 Ke7 36.g3 Ng6 37.Nf3 fxg3+
38.hxg3 Rf8 39.Ke2 h6 40.Nd2 Nh8 41.Nc4 Nf7 42.Ra8 Nc7 43.Nbxd6 Nxd6 44.Nxd6 Nxa8
45.Nf5+ Ke8 46.Bxf8 Kxf8 47.Rxa8 Kf7 48.Nxh6+ Kg6 49.Nf5 Be7 50.Rg8+  1-0

[Event "ch-NOR"]
[Site "Oslo NOR"]
[Date "2011.07.02"]
[Round "1"]
[White "Hole,O"]
[Black "Urkedal,F"]
[Result "0-1"]
[WhiteElo "2383"]
[BlackElo "2448"]

1.Nf3 Nf6 2.c4 g6 3.Nc3 Bg7 4.e4 d6 5.d4 O-O 6.Be2 e5 7.O-O Nc6 8.d5 Ne7
9.Ne1 Nd7 10.Be3 f5 11.f3 f4 12.Bf2 g5 13.g4 fxg3 14.hxg3 Ng6 15.Ng2 h5 16.Ne3 Nc5
17.b4 Na6 18.Qb3 Bh3 19.Rfc1 Qf6 20.Ncd1 h4 21.Kh2 hxg3+ 22.Bxg3 Nf4 23.Bxf4 exf4
24.Kxh3 fxe3 25.Nxe3 Qf4 26.Rab1 Be5 27.Nf1 Kg7 28.Kg2 Rh8 29.Kf2 g4 30.Ke1 Rh3
31.Qe3 gxf3 32.Bd1 Qh4+ 33.Qf2 Qxe4+ 34.Kd2 Bf4+ 35.Kc3 Bxc1 36.Rxc1 Re8
37.Kb3 Qd3+ 38.Ka4 Re4 39.Nd2 Re2 40.Bxe2 Qxd2 41.Rg1+ Kf7 42.a3 Qc2+ 43.Ka5 Qb3
44.Ra1 Nb8 45.Qxa7 fxe2 46.Qxb7 Qxc4 47.a4 Rd3 48.Qxb8 Rxd5+ 49.b5 Qc3+ 50.Ka6 Qxa1
51.Qxc7+ Kf6 52.Qd8+ Kf5 53.Qd7+ Kf4 54.Qf7+ Rf5 55.Qc4+ Ke3 56.Qb3+ Kf2  0-1

[Event "1st ch-CHN Rapid Prelim"]
[Site "Hefei CHN"]
[Date "2011.07.03"]
[Round "2"]
[White "Ding Liren"]
[Black "Li Shilong"]
[Result "1-0"]
[WhiteElo "2654"]
[BlackElo "2520"]

1.d4 Nf6 2.c4 g6 3.Nc3 Bg7 4.e4 d6 5.Nf3 O-O 6.Be2 e5 7.O-O Nc6 8.d5 Ne7
9.b4 Ne8 10.a4 Kh8 11.a5 f5 12.Nd2 Ng8 13.c5 Ngf6 14.f3 Bh6 15.Nc4 Bxc1 16.Qxc1 f4
17.b5 Nd7 18.c6 Nc5 19.Qa3 b6 20.axb6 cxb6 21.Na4 Nxa4 22.Qxa4 g5 23.Qb4 Rg8
24.g4 h5 25.h3 Kg7 26.Ra4 Kf6 27.Rfa1 Rg7 28.Bf1 Rh7 29.Bg2 h4 30.Bf1 Qc7
31.R4a2 Re7 32.Qb2 Qd8 33.Qf2 Nc7 34.Rxa7 Rxa7 35.Rxa7 Nxb5 36.Rxe7 Kxe7
37.Qxb6 Qxb6+ 38.Nxb6 Na7 39.Kf2 Kd8 40.Na8 Bd7 41.cxd7 Kxd7 42.Ba6  1-0